Sports Quiz

Random Sports or NBA Quiz

NBA first 5 teams to win a championship Quiz Stats

 Plays Quiz not verified by Sporcle

Challenge
Share
Tweet
Embed
Score 0/5 Timer 01:00
0 Plays Today
year team % Correct
1948-49Lakers
97.3%
1949-50Lakers
97.3%
1946-47Warriors
63%
1950-51Royals
56.2%
1947-48Bullets
34.2%

You're not logged in!

Compare scores with friends on all Sporcle quizzes.
OR
Log In

You Might Also Like...

Show Comments

Extras

Top Quizzes Today


Score Distribution

Your Account Isn't Verified!

In order to create a playlist on Sporcle, you need to verify the email address you used during registration. Go to your Sporcle Settings to finish the process.

Report this User

Report this user for behavior that violates our Community Guidelines.

Details: